00432nam a2200133 a 450000100100000000500170001000800410002704000250006808200150009311100750010824500200018326000750020330000200027800003039020200930062303.0110516s2004 dr 000 0 spa d aDO-SdBNPbspacBNPHU axxxbC748p1 aConferencia del episcopado dominicanod(2004 ene. 21 :cSanto Domingo)10aCarta pastoral. aSanto Domingo :bConferencia del Episcopado Dominicano,c2004.fBúho a16 p. ;c22 cm.